Standard letters for building contractors (Record no. 108545)

MARC details
000 -LEADER
fixed length control field 01696cam a22003375a 4500
001 - CONTROL NUMBER
control field L144565
008 - FIXED-LENGTH DATA ELEMENTS--GENERAL INFORMATION
fixed length control field 080729s2008 xxk f 001 0 eng d
020 ## - INTERNATIONAL STANDARD BOOK NUMBER
International Standard Book Number 9781405177894
035 ## - SYSTEM CONTROL NUMBER
System control number (Sirsi) u144565
041 0# - LANGUAGE CODE
Language code of text/sound track or separate title eng
050 04 - LIBRARY OF CONGRESS CALL NUMBER
Classification number 692.8 $2 18
100 1# - MAIN ENTRY--PERSONAL NAME
Personal name Chappell, David
245 00 - TITLE STATEMENT
Title Standard letters for building contractors
Medium [electronic resource]
250 ## - EDITION STATEMENT
Edition statement 4th ed.
260 ## - PUBLICATION, DISTRIBUTION, ETC.
Place of publication, distribution, etc. Oxford
Name of publisher, distributor, etc. Blackwell Publishing
Date of publication, distribution, etc. 2008
300 ## - PHYSICAL DESCRIPTION
Extent eBook
350 ## - PRICE (NR) (BK AM CF MU VM SE) [OBSOLETE]
Price 57.50
520 ## - SUMMARY, ETC.
Summary, etc. This revised fourth edition provides a set of over 300 standard letters for use with the standard forms of building contracts and sub-contracts. Aims to cover the common situations likely to be encountered during the lifetime of a contract including: tendering; contract documents; insurance and other project planning topics; operations on site; payment, extensions of time; loss and/or expense; determination, arbitration, adjudication and completion; and sub-contractors. Includes the 2005 set of JCT contrats, changes in case law and the Construction (Design & Management) Regulations 2007. These letters are to be used with JCT Contracts.
520 ## - SUMMARY, ETC.
Summary, etc. Accompanied by a CD-ROM (L144565) which is not available for loan.
521 ## - TARGET AUDIENCE NOTE
Target audience note Advanced
590 ## - LOCAL NOTE (RLIN)
Local note KA
650 24 - SUBJECT ADDED ENTRY--TOPICAL TERM
Topical term or geographic name entry element JCT STANDARD FORMS OF BUILDING CONTRACT
650 24 - SUBJECT ADDED ENTRY--TOPICAL TERM
Topical term or geographic name entry element EBOOK
650 24 - SUBJECT ADDED ENTRY--TOPICAL TERM
Topical term or geographic name entry element CONSTRUCTION (DESIGN AND MANAGEMENT) REGULATIONS 2007
651 #4 - SUBJECT ADDED ENTRY--GEOGRAPHIC NAME
Geographic name United Kingdom
Chronological subdivision
690 ## - LOCAL SUBJECT ADDED ENTRY--TOPICAL TERM (OCLC, RLIN)
Topical term or geographic name as entry element BUILDING AND CONSTRUCTION-MANAGEMENT
690 ## - LOCAL SUBJECT ADDED ENTRY--TOPICAL TERM (OCLC, RLIN)
Topical term or geographic name as entry element BUILT ENVIRONMENT-BUILDING CONTRACT FORMS
856 48 - ELECTRONIC LOCATION AND ACCESS
Uniform Resource Identifier <a href="https://www.vlebooks.com/">https://www.vlebooks.com/</a>
Public note View on VLEbooks. Logins for members only from [email protected]
942 ## - ADDED ENTRY ELEMENTS (KOHA)
Suppress in OPAC 0
Holdings
Withdrawn status Lost status Damaged status Not for loan Home library Current library Shelving location Date acquired Cost, normal purchase price Total Checkouts Full call number Barcode Date last seen Date last checked out Copy number Cost, replacement price Price effective from Koha item type Source of classification or shelving scheme
  Missing from bundle     London London Books 19/09/2008 57.50 8 692.8 CHA 30076156 06/08/2019 17/08/2009 1 57.50 06/08/2019 Book  
        Virtual Virtual Online 04/07/2011     EBOOK 144565-2001 06/08/2019   1   06/08/2019 Book Dewey Decimal Classification